Disney Cartoon Serien erraten mit Bildern - Statistiken

Allgemein
  • Dieses Quiz wurde 585 mal gespielt
  • Das Durchschnittsergebnis liegt bei 10 aus 16
Antwortstatistiken
Bildquiz Antwort % Korrekt
Kim Possible
97%
Hercules
90%
Phineas und Ferb
88%
Gummibärenbande
86%
101 Dalmatiner
82%
Chip & Chap
78%
Goofy und Max
75%
American Dragon
68%
Willkommen in Gravity Falls
66%
DuckTales
60%
Fillmore
56%
Kuzcos Königsklasse
47%
Wochenend-Kids
31%
Darkwing Duck
23%
PB&J Otter
15%
Bonkers
4%
Keine übereinstimmenden Quizze gefunden
Verteilung der Resultate
Anzahl Personen mit jedem Resultat
Perzentil nach korrekt beantworteten Fragen
Ihre Resultats-Entwicklung
Sie haben dieses Quiz noch nicht gespielt